Normal view
MARC view
- Supervisor: Dr. Khan Burhan Khan
Entry Personal Name
001 - CONTROL NUMBER
- control field: 128617
003 - CONTROL NUMBER IDENTIFIER
- control field: NUST
005 - DATE AND TIME OF LATEST TRANSACTION
- control field: 20250408122447.0
008 - FIXED-LENGTH DATA ELEMENTS
- fixed length control field: 250408|| aca||aabn | a|a d
040 ## - CATALOGING SOURCE
- Original cataloging agency: NUST
- Transcribing agency: NUST
100 ## - HEADING--PERSONAL NAME
- Personal name: Supervisor: Dr. Khan Burhan Khan
670 ## - SOURCE DATA FOUND
- Source citation: Work cat.: (NUST): Ahmed Saad 29829, Branding of N-type Bifacial Solar Modules in Pakistan /
